[Event "Cuxhaven op 2nd"]
[Site "Cuxhaven"]
[Date "1992.04.13"]
[Round "5"]
[White "Kupreichik, Viktor D"]
[Black "Velikov, Petar"]
[Result "1-0"]
[WhiteElo "2545"]
[BlackElo "2445"]
[PlyCount "67"]
[EventDate "1992.04.11"]
[EventType "swiss"]
[EventRounds "9"]
[EventCountry "GER"]
[SourceTitle "EXT 2010"]
[Source "ChessBase"]
[SourceDate "2010.11.25"]
[SourceVersion "1"]
[SourceVersionDate "2010.11.25"]
[SourceQuality "1"]

1. e4 c5 2. Nf3 e6 3. Nc3 a6 4. g3 Nc6 5. Bg2 d6 6. O-O Nf6 7. d4 cxd4 8. Nxd4
Bd7 9. a4 Be7 10. Be3 O-O 11. Nb3 Ne5 12. Bd4 Nc4 13. Nd2 Qc7 14. Nxc4 Qxc4 15.
a5 Rac8 16. Re1 e5 17. Bb6 Rfe8 18. Re3 Bg4 19. f3 Be6 20. f4 Ng4 21. Rf3 exf4
22. gxf4 Bd8 23. Bd4 Bf6 24. Ra4 Bxd4+ 25. Qxd4 Qxd4+ 26. Rxd4 f5 27. Rxd6 fxe4
28. Rg3 Bf5 29. h3 Nh6 30. Rxh6 e3 31. Kf1 g6 32. Rh5 Rc5 33. Ne4 Rxa5 34. Nf6+
1-0

[Event "Cuxhaven op 2nd"]
[Site "Cuxhaven"]
[Date "1992.04.13"]
[Round "6"]
[White "Ftacnik, Lubomir"]
[Black "Kupreichik, Viktor D"]
[Result "0-1"]
[WhiteElo "2550"]
[BlackElo "2545"]
[PlyCount "128"]
[EventDate "1992.04.11"]
[EventType "swiss"]
[EventRounds "9"]
[EventCountry "GER"]
[SourceTitle "EXT 2013"]
[Source "ChessBase"]
[SourceDate "2012.11.22"]
[SourceVersion "1"]
[SourceVersionDate "2012.11.22"]
[SourceQuality "1"]

1. d4 Nf6 2. Nf3 g6 3. c4 Bg7 4. Nc3 O-O 5. e4 d6 6. Be2 e5 7. O-O Nc6 8. d5
Ne7 9. Nd2 a5 10. a3 Bd7 11. Rb1 a4 12. b4 axb3 13. Nxb3 b6 14. Ra1 Ba4 15.
Nxa4 Rxa4 16. Bd3 Qa8 17. Nd2 Nd7 18. Nb1 Nc5 19. Nc3 Ra6 20. Bc2 Kh8 21. Nb5
Qd8 22. Bb2 f5 23. f4 (23. f3) 23... fxe4 24. fxe5 Nf5 25. Qe2 dxe5 26. Bxe4
Nd4 27. Rxf8+ Qxf8 28. Bxd4 exd4 29. Re1 Ra8 30. Bb1 Na4 31. Nxc7 d3 $1 32. Qe3
d2 33. Rd1 Nb2 $1 34. Nxa8 Nxd1 35. Qxd2 Nc3 36. Nxb6 Qc5+ 37. Kh1 Qxb6 38. Bd3
Qd4 39. Qe1 Be5 40. Qf1 Kg7 41. Qf3 Na4 42. Bf1 Nc5 43. g3 Ne4 44. Kg2 Bd6 45.
Bd3 Ng5 46. Qf1 Bxa3 47. h4 Nf7 48. h5 Bd6 49. hxg6 hxg6 50. Be2 Ng5 51. Bf3
Qe5 52. Qf2 Qf5 53. Qd4+ Be5 54. Qg4 Nxf3 55. Qxf3 Qc2+ 56. Kh3 Qxc4 57. Qa3
Qxd5 58. Qe7+ Kg8 59. Qe8+ Kh7 60. Qe7+ Bg7 61. Kh2 Kh6 62. Qe3+ Qg5 63. Qd3
Be5 64. Kg2 Qxg3+ 0-1

[Event "Cattolica op"]
[Site "Cattolica"]
[Date "1992.??.??"]
[Round "5"]
[White "Horvath, Gyula"]
[Black "Kupreichik, Viktor D"]
[Result "0-1"]
[WhiteElo "2420"]
[BlackElo "2545"]
[PlyCount "90"]
[EventDate "1992.06.??"]
[EventType "swiss"]
[EventRounds "9"]
[EventCountry "ITA"]
[SourceTitle "EXT 1998"]
[Source "ChessBase"]
[SourceDate "1997.11.17"]
[SourceVersion "1"]
[SourceVersionDate "1997.11.17"]
[SourceQuality "1"]

1. c4 g6 2. d4 Bg7 3. e4 d6 4. Nc3 Nf6 5. Bd3 e5 6. d5 O-O 7. Nge2 Nh5 8. O-O
f5 9. exf5 gxf5 10. f4 e4 11. Bc2 c5 12. Be3 Nd7 13. h3 Nb6 14. Bb3 Rf6 15. Qd2
Rg6 16. Kh2 Bd7 17. a3 a5 18. a4 Be8 19. Bf2 Nd7 20. Bd1 Rh6 21. Rh1 Nf8 22.
Bc2 Qb6 23. b3 Ng6 24. Be3 Nh4 25. Bf2 Nf6 26. Kg1 Bf7 27. Qe1 Nf3+ 28. gxf3
exf3 29. Ng3 Re8 30. Qd1 Ne4 31. Ncxe4 fxe4 32. Bxe4 Rxe4 33. Nxe4 Rg6+ 34. Ng3
Bxa1 35. Qxa1 Qxb3 36. f5 Rg7 37. Kh2 Qxc4 38. Qf6 h5 39. Qd8+ Kh7 40. f6 Rxg3
41. Kxg3 h4+ 42. Kxf3 Bxd5+ 43. Ke3 Qc3+ 44. Ke2 Bf3+ 45. Kf1 Qd3+ 0-1

[Event "Cattolica op"]
[Site "Cattolica"]
[Date "1992.??.??"]
[Round "8"]
[White "Kupreichik, Viktor D"]
[Black "Nikcevic, Nebojsa"]
[Result "1-0"]
[WhiteElo "2545"]
[BlackElo "2400"]
[PlyCount "55"]
[EventDate "1992.06.??"]
[EventType "swiss"]
[EventRounds "9"]
[EventCountry "ITA"]
[SourceTitle "EXT 1998"]
[Source "ChessBase"]
[SourceDate "1997.11.17"]
[SourceVersion "1"]
[SourceVersionDate "1997.11.17"]
[SourceQuality "1"]

1. e4 c5 2. Nf3 Nc6 3. d4 cxd4 4. Nxd4 Nf6 5. Nc3 e5 6. Ndb5 d6 7. Bg5 a6 8.
Na3 b5 9. Nd5 Qa5+ 10. Bd2 Qd8 11. c4 Nxe4 12. cxb5 Be6 13. Bc4 Ne7 14. O-O
Nxd5 15. Bxd5 Bxd5 16. Ba5 Qxa5 17. Qxd5 Rc8 18. Qxe4 Be7 19. Qb7 Qc7 20. Qxc7
Rxc7 21. bxa6 Kd7 22. Nb5 Rc2 23. Rfc1 Rxb2 24. Rc7+ Ke6 25. Rb7 Kf6 26. Nc7
Rc8 27. Nd5+ Ke6 28. Rxb2 1-0

[Event "Berliner Sommer 10th"]
[Site "Berlin"]
[Date "1992.??.??"]
[Round "?"]
[White "Kupreichik, Viktor D"]
[Black "Thesing, Matthias"]
[Result "1-0"]
[WhiteElo "2555"]
[BlackElo "2410"]
[PlyCount "56"]
[EventDate "1992.08.??"]
[EventType "swiss"]
[EventRounds "9"]
[EventCountry "GER"]
[SourceTitle "EXT 1998"]
[Source "ChessBase"]
[SourceDate "1997.11.17"]
[SourceVersion "1"]
[SourceVersionDate "1997.11.17"]
[SourceQuality "1"]

1. e4 e6 2. d4 d5 3. e5 c5 4. c3 Nc6 5. Nf3 Qb6 6. Be2 cxd4 7. cxd4 Nh6 8. b3
Nf5 9. Bb2 Be7 10. O-O O-O 11. Bd3 Kh8 12. Re1 Bd7 13. Nc3 Ncxd4 14. Nxd4 Nxd4
15. Qg4 f5 16. exf6 Bxf6 17. Qh5 Nf5 18. Bxf5 exf5 19. Nxd5 Bxb2 20. Nxb6 axb6
21. Rad1 Bc6 22. Re2 Ba3 23. Re5 Rf6 24. Qe2 f4 25. Qd2 Rd6 26. Qxd6 Bxd6 27.
Rxd6 f3 28. gxf3 b5 1-0

[Event "Berliner Sommer 10th"]
[Site "Berlin"]
[Date "1992.??.??"]
[Round "?"]
[White "Rahls, Peter"]
[Black "Kupreichik, Viktor D"]
[Result "0-1"]
[WhiteElo "2340"]
[BlackElo "2555"]
[PlyCount "142"]
[EventDate "1992.08.??"]
[EventType "swiss"]
[EventRounds "9"]
[EventCountry "GER"]
[SourceTitle "EXT 1998"]
[Source "ChessBase"]
[SourceDate "1997.11.17"]
[SourceVersion "1"]
[SourceVersionDate "1997.11.17"]
[SourceQuality "1"]

1. e4 c5 2. c3 e6 3. Nf3 d5 4. e5 d4 5. Bd3 Ne7 6. O-O Nbc6 7. Re1 Ng6 8. g3
Be7 9. h4 O-O 10. h5 Nh8 11. Qc2 g6 12. Be4 Bd7 13. d3 gxh5 14. Bh6 f6 15. exf6
Rxf6 16. Bg5 Rf7 17. Qd2 Ng6 18. Bxe7 Qxe7 19. Qh6 Raf8 20. Nbd2 Rg7 21. Qxh5
Be8 22. Qg5 Rf6 23. cxd4 cxd4 24. Rac1 Nge5 25. Qh4 Ng4 26. Bxh7+ Rxh7 27.
Qxg4+ Kh8 28. Nxd4 Rfh6 29. N2f3 e5 30. Nxc6 Bxc6 31. Rxc6 Rxc6 32. Rxe5 Qg7
33. Qe4 Rc1+ 34. Ne1 Rc8 35. Re6 Qf7 36. Nf3 Rf8 37. Kg2 Qf5 38. Qxf5 Rxf5 39.
Re8+ Kg7 40. d4 Rh8 41. Re7+ Rf7 42. Re3 Rc8 43. Ne5 Rf6 44. Re2 Rc1 45. f4 Rd1
46. Nf3 Kf8 47. Ng5 Ra6 48. a3 Rb6 49. Kf3 Rb1 50. b4 Rb3+ 51. Re3 Rxe3+ 52.
Kxe3 Ra6 53. g4 Rxa3+ 54. Ke4 Rb3 55. f5 Rxb4 56. Ne6+ Ke7 57. Ke5 Rb1 58. g5
Re1+ 59. Kd5 a5 60. f6+ Kf7 61. Nd8+ Kg6 62. Ne6 a4 63. Nf4+ Kf7 64. Nd3 Rf1
65. Ne5+ Kg8 66. Ke6 a3 67. g6 a2 68. Ng4 Re1+ 69. Kd7 Kh8 70. Nh6 Rg1 71. Nf7+
Kg8 0-1

[Event "BL2-West 9293"]
[Site "Germany"]
[Date "1993.??.??"]
[Round "?.1"]
[White "Zude, Arno"]
[Black "Kupreichik, Viktor D"]
[Result "0-1"]
[WhiteElo "2465"]
[BlackElo "2560"]
[PlyCount "62"]
[EventDate "1992.10.??"]
[EventType "team-tourn"]
[EventRounds "9"]
[EventCountry "GER"]
[SourceTitle "GER-chT2"]
[Source "ChessBase"]
[SourceDate "1999.07.01"]
[SourceVersion "1"]
[SourceVersionDate "1999.07.01"]
[SourceQuality "1"]
[WhiteTeam "Hofheim"]
[BlackTeam "Plettenberg"]
[WhiteTeamCountry "GER"]
[BlackTeamCountry "GER"]

1. e4 c5 2. Nf3 d6 3. d4 cxd4 4. Nxd4 Nf6 5. Nc3 Bd7 6. Bg5 e6 7. Qd2 a6 8. f3
Be7 9. O-O-O b5 10. h4 b4 11. Nb1 Qb6 12. h5 h6 13. Be3 Qb7 14. Qf2 e5 15. Nb3
a5 16. Qg3 Be6 17. N3d2 Nbd7 18. Nc4 Qc7 19. b3 a4 20. Bd2 axb3 21. axb3 Nb6
22. Bxb4 Nxc4 23. Bxc4 Bxc4 24. bxc4 Qxc4 25. Qe1 O-O 26. Qc3 Qb5 27. Bxd6 Nxe4
28. fxe4 Bg5+ 29. Rd2 Rfc8 30. Qxe5 Qc4 31. Rh3 Qxc2# 0-1

[Event "BL2-West 9293"]
[Site "Germany"]
[Date "1993.??.??"]
[Round "?.1"]
[White "Kupreichik, Viktor D"]
[Black "Dueball, Juergen"]
[Result "1-0"]
[WhiteElo "2560"]
[BlackElo "2400"]
[PlyCount "91"]
[EventDate "1992.10.??"]
[EventType "team-tourn"]
[EventRounds "9"]
[EventCountry "GER"]
[SourceTitle "GER-chT2"]
[Source "ChessBase"]
[SourceDate "1999.07.01"]
[SourceVersion "1"]
[SourceVersionDate "1999.07.01"]
[SourceQuality "1"]
[WhiteTeam "Plettenberg"]
[BlackTeam "Solingen II"]
[WhiteTeamCountry "GER"]
[BlackTeamCountry "GER"]

1. e4 e5 2. Nf3 Nc6 3. Bb5 a6 4. Ba4 Nf6 5. O-O Be7 6. Re1 b5 7. Bb3 O-O 8. a4
Bb7 9. d3 Re8 10. Na3 Bc5 11. Bg5 Nd4 12. Nxd4 Bxd4 13. c3 Bb6 14. Qf3 Bc6 15.
Nc2 bxa4 16. Bxa4 Bxa4 17. Rxa4 Re6 18. d4 h6 19. Bh4 Qe8 20. d5 Rd6 21. Na3
Nh7 22. Nc4 Rg6 23. d6 Ng5 24. Qd3 Ne6 25. Qd1 Nf4 26. Bg3 Qe6 27. Bxf4 exf4
28. Qf3 Re8 29. b3 a5 30. Rd1 Bc5 31. dxc7 Qc6 32. Rxa5 Qxc7 33. e5 Ree6 34.
Qd5 d6 35. b4 f3 36. g3 Ba7 37. exd6 Bxf2+ 38. Kxf2 Qd7 39. Qf5 Qc6 40. Rc5
Re2+ 41. Kf1 Qa4 42. Rcd5 Qa2 43. Nd2 Qa7 44. Qxf3 Rf6 45. Kxe2 Rxf3 46. Nxf3
1-0

[Event "EU-chT (Men) 10th"]
[Site "Debrecen"]
[Date "1992.11.??"]
[Round "8.2"]
[White "Kupreichik, Viktor D"]
[Black "Norri, Joose"]
[Result "1-0"]
[WhiteElo "2545"]
[BlackElo "2395"]
[PlyCount "73"]
[EventDate "1992.11.20"]
[EventType "team-swiss"]
[EventRounds "9"]
[EventCountry "HUN"]
[SourceTitle "EU-chT"]
[Source "ChessBase"]
[SourceDate "1999.07.01"]
[SourceVersion "2"]
[SourceVersionDate "1999.07.01"]
[SourceQuality "1"]
[WhiteTeam "Belarus"]
[BlackTeam "Finland"]
[WhiteTeamCountry "BLR"]
[BlackTeamCountry "FIN"]

1. e4 e5 2. Nf3 Nc6 3. Bb5 a6 4. Ba4 Nf6 5. O-O Nxe4 6. d4 b5 7. Bb3 Be7 8.
Nxe5 Nxe5 9. dxe5 Bb7 10. Bd5 Bxd5 11. Qxd5 Nc5 12. f4 c6 13. Qf3 O-O 14. Be3
f5 15. exf6 Rxf6 16. Nc3 d5 17. Rad1 Qd7 18. f5 Raf8 19. g4 R6f7 20. Qf2 Qd6
21. a3 a5 22. Bf4 Qf6 23. Be3 Qd6 24. Kg2 g6 25. Bh6 Re8 26. Qe3 b4 27. axb4
axb4 28. Ne2 Ne4 29. Ng3 Bh4 30. Nxe4 Qe5 31. fxg6 Rxf1 32. Rxf1 dxe4 33. Qb3+
Qd5 34. g7 Be7 35. Rf5 Qxb3 36. cxb3 Bd6 37. Kf2 1-0

[Event "EU-chT (Men) 10th"]
[Site "Debrecen"]
[Date "1992.11.??"]
[Round "9.1"]
[White "Kupreichik, Viktor D"]
[Black "Grosar, Aljosa"]
[Result "1-0"]
[WhiteElo "2545"]
[BlackElo "2455"]
[PlyCount "111"]
[EventDate "1992.11.20"]
[EventType "team-swiss"]
[EventRounds "9"]
[EventCountry "HUN"]
[SourceTitle "EU-chT"]
[Source "ChessBase"]
[SourceDate "1999.07.01"]
[SourceVersion "2"]
[SourceVersionDate "1999.07.01"]
[SourceQuality "1"]
[WhiteTeam "Belarus"]
[BlackTeam "Slovenia"]
[WhiteTeamCountry "BLR"]
[BlackTeamCountry "SLO"]

1. e4 c5 2. Nf3 d6 3. Nc3 Nf6 4. d4 cxd4 5. Nxd4 Nc6 6. f4 g6 7. Be2 Bg7 8. Nb3
O-O 9. Be3 Be6 10. O-O a5 11. a3 a4 12. Nd4 Nxd4 13. Bxd4 Qc8 14. Re1 Bc4 15.
Bf3 e5 16. Be3 Rd8 17. Kh1 Qc7 18. Qd2 d5 19. exd5 e4 20. Nxe4 Nxd5 21. Qf2
Nxe3 22. Qxe3 Bxb2 23. Rab1 Bd4 24. Qc1 b5 25. f5 Ra6 26. Qg5 Bg7 27. Rbd1 Rxd1
28. Rxd1 f6 29. Qg4 gxf5 30. Qxf5 Re6 31. Be2 Qe7 32. Bxc4 bxc4 33. Rd8+ Qxd8
34. Qxe6+ Kh8 35. Nd6 Qf8 36. Nxc4 f5 37. Nd6 f4 38. Nf7+ Kg8 39. Ng5+ Kh8 40.
Qe4 Qg8 41. Qxf4 Qf8 42. Qxf8+ Bxf8 43. Ne4 Kg7 44. Nc3 Kf6 45. Nxa4 Bxa3 46.
Kg1 Ke5 47. Nc3 Bb4 48. Nd1 Ke4 49. Kf2 Bc5+ 50. Ke2 Bg1 51. h3 h5 52. Nf2+ Kd4
53. g3 Bh2 54. Kf3 h4 55. gxh4 Bd6 56. h5 1-0

[Event "Rilton Cup 22nd"]
[Site "Stockholm"]
[Date "1992.??.??"]
[Round "2"]
[White "Moberg, Karl Johan"]
[Black "Kupreichik, Viktor D"]
[Result "0-1"]
[WhiteElo "2300"]
[BlackElo "2555"]
[PlyCount "126"]
[EventDate "1992.12.??"]
[EventType "swiss"]
[EventRounds "9"]
[EventCountry "SWE"]
[SourceTitle "TD"]
[Source "ChessBase"]
[SourceDate "1994.03.01"]
[SourceVersion "1"]
[SourceVersionDate "1994.03.01"]
[SourceQuality "1"]

1. e4 c5 2. Nf3 d6 3. d4 cxd4 4. Nxd4 Nf6 5. Nc3 a6 6. Be3 Nc6 7. Qd2 e6 8. f3
Be7 9. g4 O-O 10. O-O-O Nd7 11. h4 Nde5 12. Qg2 b5 13. Nxc6 Nxc6 14. g5 b4 15.
Na4 Rb8 16. Kb1 d5 17. exd5 exd5 18. f4 d4 19. Bc1 Na7 20. Bd3 Bd7 21. Qe4 g6
22. Qxd4 Nc8 23. Nc5 Bg4 24. Qxd8 Rxd8 25. Nxa6 Rb6 26. Rdg1 Bf5 27. Bxf5 gxf5
28. Nxb4 Rxb4 29. c3 Re4 30. Rd1 Kg7 31. Rxd8 Bxd8 32. b4 Bc7 33. a4 Nb6 34. a5
Nd5 35. Kb2 Nxf4 36. Bxf4 Bxf4 37. Rf1 Be5 38. Rxf5 Rxb4+ 39. Kc2 Re4 40. Kd3
Re1 41. a6 Bb8 42. Rb5 Ba7 43. Rb7 Bf2 44. Kc4 Bxh4 45. Kb5 Bxg5 46. c4 Rb1+
47. Kc6 Ra1 48. Kb5 Be3 49. c5 Bxc5 50. Kxc5 Rxa6 51. Kd5 Ra4 52. Rb1 f5 53.
Rb6 Re4 54. Ra6 h5 55. Ra7+ Kg6 56. Ra8 h4 57. Rg8+ Kh5 58. Rh8+ Kg4 59. Rg8+
Kf3 60. Rb8 Kg3 61. Rg8+ Rg4 62. Rf8 h3 63. Rxf5 h2 0-1

[Event "Rilton Cup 22nd"]
[Site "Stockholm"]
[Date "1992.??.??"]
[Round "8"]
[White "Kupreichik, Viktor D"]
[Black "Lindberg, Bengt"]
[Result "1-0"]
[WhiteElo "2555"]
[BlackElo "2345"]
[PlyCount "65"]
[EventDate "1992.12.??"]
[EventType "swiss"]
[EventRounds "9"]
[EventCountry "SWE"]
[SourceTitle "TD"]
[Source "ChessBase"]
[SourceDate "1994.03.01"]
[SourceVersion "1"]
[SourceVersionDate "1994.03.01"]
[SourceQuality "1"]

1. e4 c5 2. Nf3 e6 3. Nc3 Nc6 4. g3 a6 5. Bg2 b5 6. O-O Bb7 7. d4 cxd4 8. Nxd4
Qc7 9. Re1 d6 10. a4 Nxd4 11. Qxd4 bxa4 12. Rxa4 Ne7 13. Be3 Nc6 14. Qb6 Qxb6
15. Bxb6 Be7 16. Rea1 Kd7 17. Bf1 Rhb8 18. Bxa6 Bxa6 19. Rxa6 Rxa6 20. Rxa6 Rb7
21. Na2 Kc8 22. b3 Rd7 23. Be3 Rc7 24. c4 Ne5 25. f4 Ng4 26. Bd4 Rb7 27. Ra8+
Kc7 28. Ra7 Rxa7 29. Bxa7 Bf6 30. h3 Nh6 31. Kf2 g5 32. fxg5 Bxg5 33. Be3 1-0

[Event "Rilton Cup 22nd"]
[Site "Stockholm"]
[Date "1992.??.??"]
[Round "9"]
[White "Schneider, Lars Ake"]
[Black "Kupreichik, Viktor D"]
[Result "0-1"]
[WhiteElo "2455"]
[BlackElo "2555"]
[PlyCount "74"]
[EventDate "1992.12.??"]
[EventType "swiss"]
[EventRounds "9"]
[EventCountry "SWE"]
[SourceTitle "TD"]
[Source "ChessBase"]
[SourceDate "1994.03.01"]
[SourceVersion "1"]
[SourceVersionDate "1994.03.01"]
[SourceQuality "1"]

1. e4 c5 2. Nf3 d6 3. d4 cxd4 4. Nxd4 Nf6 5. Nc3 a6 6. f4 Nbd7 7. Nf3 e6 8. Bd3
b5 9. Qe2 b4 10. Nd1 Bb7 11. O-O Be7 12. e5 dxe5 13. fxe5 Ng4 14. Bf4 h5 15.
Be4 Bxe4 16. Qxe4 Rc8 17. h3 Nh6 18. Bxh6 Rxh6 19. Nf2 Qc7 20. Nd3 Qb6+ 21. Kh1
g5 22. Nd4 Rc4 23. c3 bxc3 24. bxc3 Rxc3 25. Rac1 Rxc1 26. Rxc1 Kf8 27. Nc6 Ba3
28. Rf1 Kg7 29. h4 gxh4 30. Qf3 f5 31. Nf4 Bc5 32. Rd1 Nf8 33. Nd8 Be7 34. Nc6
Bg5 35. Nxh5+ Kg6 36. Rd8 Bxd8 37. Nf4+ Kf7 0-1

[Event "Aalborg op"]
[Site "Aalborg"]
[Date "1993.??.??"]
[Round "1"]
[White "Sorensen, Bent"]
[Black "Kupreichik, Viktor D"]
[Result "0-1"]
[WhiteElo "2300"]
[BlackElo "2560"]
[PlyCount "80"]
[EventDate "1993.??.??"]
[EventType "swiss"]
[EventRounds "9"]
[EventCountry "DEN"]
[SourceTitle "EXT 1999"]
[Source "ChessBase"]
[SourceDate "1998.11.16"]
[SourceVersion "1"]
[SourceVersionDate "1998.11.16"]
[SourceQuality "1"]

1. c4 g6 2. g3 Bg7 3. Bg2 e5 4. Nc3 Ne7 5. e3 c5 6. Nge2 Nbc6 7. O-O d6 8. d3
a6 9. a3 Rb8 10. Rb1 b5 11. b3 O-O 12. Bb2 f5 13. Nd5 Be6 14. Qc2 Bf7 15. Nxe7+
Nxe7 16. Rfd1 Qb6 17. Ba1 d5 18. cxd5 Nxd5 19. e4 Ne7 20. b4 cxb4 21. axb4 fxe4
22. dxe4 Qxf2+ 23. Kh1 Bc4 24. Rb2 Rbd8 25. Rxd8 Rxd8 26. Ng1 Qe3 27. Rb1 Rd2
28. Qc3 Bd3 29. Rb2 Rxg2 30. Rxg2 Qxe4 31. Nh3 Bf1 32. Nf4 Bf6 33. Qb3+ Bc4 34.
Qc2 Qc6 35. Nd3 Nf5 36. Nxe5 Bxe5 37. Bxe5 Ne3 38. Qd2 Bf1 39. Qa2+ Bc4 40. Qd2
Nxg2 0-1

[Event "Aalborg op"]
[Site "Aalborg"]
[Date "1993.??.??"]
[Round "2"]
[White "Kupreichik, Viktor D"]
[Black "Fries Nielsen, Jens Ove"]
[Result "1-0"]
[WhiteElo "2560"]
[BlackElo "2400"]
[PlyCount "49"]
[EventDate "1993.??.??"]
[EventType "swiss"]
[EventRounds "9"]
[EventCountry "DEN"]
[SourceTitle "EXT 1999"]
[Source "ChessBase"]
[SourceDate "1998.11.16"]
[SourceVersion "1"]
[SourceVersionDate "1998.11.16"]
[SourceQuality "1"]

1. e4 g6 2. d4 Bg7 3. Be3 c6 4. Qd2 Qb6 5. c4 c5 6. e5 cxd4 7. Bxd4 Qd8 8. Nf3
Nc6 9. Bc3 f6 10. c5 fxe5 11. Bc4 Nh6 12. Na3 Nf5 13. O-O b6 14. Rfe1 Bb7 15.
b4 e6 16. Rad1 bxc5 17. bxc5 Nfd4 18. Nxe5 Bxe5 19. Rxe5 Nxe5 20. Bxd4 Nxc4 21.
Nxc4 O-O 22. Ba1 Qh4 23. Qb2 e5 24. Nxe5 Qe4 25. Nf3 1-0

[Event "Aalborg op"]
[Site "Aalborg"]
[Date "1993.??.??"]
[Round "4"]
[White "Kupreichik, Viktor D"]
[Black "Maksimenko, Andrei"]
[Result "1-0"]
[WhiteElo "2560"]
[BlackElo "2435"]
[PlyCount "83"]
[EventDate "1993.??.??"]
[EventType "swiss"]
[EventRounds "9"]
[EventCountry "DEN"]
[SourceTitle "EXT 1999"]
[Source "ChessBase"]
[SourceDate "1998.11.16"]
[SourceVersion "1"]
[SourceVersionDate "1998.11.16"]
[SourceQuality "1"]

1. e4 c5 2. Nf3 d6 3. Nc3 Nf6 4. d4 cxd4 5. Nxd4 a6 6. h3 e6 7. g4 d5 8. exd5
Nxd5 9. Bd2 b5 10. Bg2 Bb7 11. O-O Be7 12. Qe1 Qd7 13. Rd1 Nxc3 14. Bxc3 Bxg2
15. Nf5 Bd5 16. Nxg7+ Kd8 17. b3 Nc6 18. Nh5 Kc7 19. Bxh8 Rxh8 20. c4 Rg8 21.
cxd5 exd5 22. Qd2 d4 23. Rc1 Kb7 24. f3 f5 25. Qg2 d3 26. Rfd1 Ba3 27. Rb1 Qd4+
28. Kh1 f4 29. Qd2 Re8 30. Qxf4 Qf2 31. Qg3 Qc2 32. Nf6 Re2 33. Ne4 Nd4 34. b4
d2 35. Qd6 Rxe4 36. Qd5+ Kb6 37. Qxe4 Qc3 38. Kg2 Bc1 39. Qd5 Qe3 40. Qe4 Qc3
41. Kf2 Qc4 42. Qe3 1-0

[Event "Aalborg op"]
[Site "Aalborg"]
[Date "1993.??.??"]
[Round "6"]
[White "Kupreichik, Viktor D"]
[Black "Hector, Jonny"]
[Result "1-0"]
[WhiteElo "2560"]
[BlackElo "2470"]
[PlyCount "81"]
[EventDate "1993.??.??"]
[EventType "swiss"]
[EventRounds "9"]
[EventCountry "DEN"]
[SourceTitle "EXT 1999"]
[Source "ChessBase"]
[SourceDate "1998.11.16"]
[SourceVersion "1"]
[SourceVersionDate "1998.11.16"]
[SourceQuality "1"]

1. e4 e5 2. Nf3 Nc6 3. Bb5 a6 4. Ba4 Nf6 5. O-O Be7 6. Re1 b5 7. Bb3 Bb7 8. a4
O-O 9. d3 d6 10. c3 Re8 11. Na3 Qd7 12. Bd2 Na5 13. axb5 axb5 14. Ba2 c5 15. b4
cxb4 16. cxb4 Nc6 17. Nxb5 d5 18. Qb3 Nxb4 19. Bxb4 Qxb5 20. Bxe7 Qxb3 21. Bxb3
Rxa1 22. Rxa1 Rxe7 23. exd5 Nxd5 24. Ra5 Rc7 25. h4 Nf4 26. Nxe5 Kf8 27. Nxf7
Nxd3 28. Ng5 Bc8 29. Nxh7+ Ke7 30. f3 Rc3 31. Ra7+ Kd6 32. Bg8 g6 33. Ng5 Rc2
34. Ra4 Ne1 35. Ra2 Rc1 36. Kh2 Bb7 37. Bh7 Rc4 38. Rd2+ Ke5 39. Kg3 Kf5 40.
Rd7 Bc6 41. Rf7+ 1-0

[Event "Aalborg op"]
[Site "Aalborg"]
[Date "1993.??.??"]
[Round "8"]
[White "Kupreichik, Viktor D"]
[Black "Gipslis, Aivars P"]
[Result "1-0"]
[WhiteElo "2560"]
[BlackElo "2490"]
[PlyCount "117"]
[EventDate "1993.??.??"]
[EventType "swiss"]
[EventRounds "9"]
[EventCountry "DEN"]
[SourceTitle "EXT 1999"]
[Source "ChessBase"]
[SourceDate "1998.11.16"]
[SourceVersion "1"]
[SourceVersionDate "1998.11.16"]
[SourceQuality "1"]

1. e4 d5 2. exd5 Nf6 3. Bb5+ Bd7 4. Be2 Nxd5 5. d4 Bf5 6. Nf3 e6 7. O-O Be7 8.
c4 Nb4 9. Na3 O-O 10. Bf4 N8c6 11. Nb5 Rc8 12. a3 a6 13. d5 axb5 14. dxc6 Nd3
15. cxb7 Rb8 16. Bxd3 Bxd3 17. Ne5 Bxf1 18. Qxf1 Qe8 19. cxb5 Bd6 20. a4 Rxb7
21. Qc4 Bxe5 22. Bxe5 Qd7 23. h3 f6 24. Bf4 Kh8 25. Rc1 e5 26. Be3 Rd8 27. b4
h6 28. Kh2 f5 29. Rc2 Qd5 30. Qc3 Ra8 31. Rd2 Qe6 32. Qc2 f4 33. Bc5 e4 34. Rd4
Re8 35. Qe2 f3 36. gxf3 Qe5+ 37. Kh1 Qh5 38. Rxe4 Qxh3+ 39. Kg1 Rxe4 40. fxe4
Rb8 41. a5 Rxb5 42. e5 Qe6 43. f4 Rb8 44. a6 c6 45. a7 Ra8 46. Qe4 Qa2 47. Qxc6
Rxa7 48. Bxa7 Qxa7+ 49. Qc5 Qa2 50. Qc8+ Kh7 51. Qf5+ Kg8 52. Qe4 Qd2 53. e6
Qd1+ 54. Kf2 Qd2+ 55. Kg3 Qd1 56. e7 Qg1+ 57. Kh3 Qf1+ 58. Kg4 h5+ 59. Kxh5 1-0

[Event "BLR-ch"]
[Site "Minsk"]
[Date "1993.??.??"]
[Round "?"]
[White "Kupreichik, Viktor D"]
[Black "Aleksandrov, Aleksej"]
[Result "1-0"]
[WhiteElo "2560"]
[BlackElo "2530"]
[PlyCount "80"]
[EventDate "1993.??.??"]
[EventType "tourn"]
[EventRounds "11"]
[EventCountry "BLR"]
[SourceTitle "EXT 1999"]
[Source "ChessBase"]
[SourceDate "1998.11.16"]
[SourceVersion "1"]
[SourceVersionDate "1998.11.16"]
[SourceQuality "1"]

1. e4 e5 2. Nf3 Nc6 3. Bb5 Nf6 4. d3 d6 5. c3 a6 6. Ba4 g6 7. d4 exd4 8. Nxd4
Bd7 9. Nxc6 bxc6 10. O-O Bg7 11. Bg5 O-O 12. Nd2 Re8 13. Re1 Qc8 14. Qc2 h6 15.
Bxf6 Bxf6 16. Nc4 a5 17. Qd2 Qa6 18. Na3 Bg7 19. Rad1 Rab8 20. b3 Re7 21. c4
Rbe8 22. f3 Qb6+ 23. Kf1 Qb4 24. Qc1 f5 25. Nc2 Qc5 26. exf5 Bxf5 27. Qd2 Be5
28. Nd4 Bxh2 29. Rxe7 Rxe7 30. g4 Bxg4 31. fxg4 Be5 32. Bxc6 Rf7+ 33. Kg2 Rf4
34. Bd5+ Kh7 35. Ne6 Rxg4+ 36. Kf3 Rg3+ 37. Ke4 Rg4+ 38. Kd3 Rg3+ 39. Kc2 Qa3
40. Qxh6+ Kg8 1-0

[Event "BLR-ch"]
[Site "Minsk"]
[Date "1993.??.??"]
[Round "?"]
[White "Smirnov, Valerij"]
[Black "Kupreichik, Viktor D"]
[Result "0-1"]
[WhiteElo "2340"]
[BlackElo "2560"]
[PlyCount "52"]
[EventDate "1993.??.??"]
[EventType "tourn"]
[EventRounds "11"]
[EventCountry "BLR"]
[SourceTitle "EXT 1999"]
[Source "ChessBase"]
[SourceDate "1998.11.16"]
[SourceVersion "1"]
[SourceVersionDate "1998.11.16"]
[SourceQuality "1"]

1. d4 Nf6 2. c4 d6 3. Nc3 g6 4. e4 Bg7 5. f3 e5 6. d5 Nh5 7. Nge2 f5 8. Be3 O-O
9. Qd2 Nd7 10. O-O-O a6 11. Kb1 Ndf6 12. exf5 gxf5 13. g3 Qe8 14. Nc1 Bd7 15.
a3 b5 16. c5 Qg6 17. Bd3 e4 18. fxe4 fxe4 19. Bc2 dxc5 20. Bxc5 Rfe8 21. N1e2
a5 22. d6 b4 23. Nd5 cxd6 24. Nef4 Nxf4 25. Nxf4 Qf7 26. Bxd6 b3 0-1